00771nam a2200217 i 4500001000700000003000900007007000300016008004100019080001500060100003000075245009800105250001200203260004700215300002200262500002900284610003900313700002700352852003300379999001900412952012200431105592ES-MaACLt|060726s1963 it ||||1| ita d a329(45)PSI1 aLandolfi, Antonio.96996013aIl Partito Socialista b: oggi e domani / cAntonio Landolfi ; introduzione di Giorgio Galli. a1ยช ed. aMilano : bEdizioni Azione Comune, c1963. a109 p. ; c21 cm. aBiblioteca Juan Andrade.27aPartito socialista italiano.961641 aGalli, Giorgio.953613 aES-MaACLjAND-398 bR.109703 c105592d105592 00104070aATENEOMbATENEOMcDEPO2d2008-01-17eSCl0oAND-398p1110242r2023-02-23 00:00:00w2023-02-23yMONOGRAFIA